<?xml version="1.0" encoding="UTF-8"?>
<record
    xmlns:xsi="http://www.w3.org/2001/XMLSchema-instance"
    xsi:schemaLocation="http://www.loc.gov/MARC21/slim http://www.loc.gov/standards/marcxml/schema/MARC21slim.xsd"
    xmlns="http://www.loc.gov/MARC21/slim">

  <leader>02190    a2200217   4500</leader>
  <controlfield tag="001">54115</controlfield>
  <controlfield tag="005">20260407155812.0</controlfield>
  <controlfield tag="008">260407a1973    arg                 spa d</controlfield>
  <controlfield tag="003">AR-UNSa-BCEJYS</controlfield>
  <datafield tag="040" ind1=" " ind2=" ">
    <subfield code="a">AR-UNSa-BCEJYS</subfield>
    <subfield code="b">spa</subfield>
    <subfield code="c">AR-UNSa-BCEJYS</subfield>
  </datafield>
  <datafield tag="080" ind1=" " ind2=" ">
    <subfield code="a">339.137</subfield>
    <subfield code="x">Competencia. Dumping (Perfecta - Imperfecta)</subfield>
  </datafield>
  <datafield tag="245" ind1="1" ind2="0">
    <subfield code="a">Econom&#xED;a de la competencia imperfecta</subfield>
  </datafield>
  <datafield tag="020" ind1=" " ind2=" ">
    <subfield code="a">84-270-0198-3</subfield>
  </datafield>
  <datafield tag="264" ind1=" " ind2="1">
    <subfield code="a">Barcelona :</subfield>
    <subfield code="b">Ediciones Mart&#xED;nez Roca</subfield>
    <subfield code="c">1973</subfield>
  </datafield>
  <datafield tag="300" ind1=" " ind2=" ">
    <subfield code="a">413 p.</subfield>
    <subfield code="c">20 cm.</subfield>
  </datafield>
  <datafield tag="505" ind1=" " ind2=" ">
    <subfield code="a">I. La t&#xE9;cnica - 1. Las hip&#xF3;tesis - 2. Los instrumentos de c&#xE1;lculo - II. Equilibrio de monopolio - 3. Equilibrio de monopolio - 4. Cambios en la demanda - 5. Cambios en los costos - III. Equilibrio en r&#xE9;gimen de competencia - 6. La curva de oferta - 7. Equilibrio en r&#xE9;gimen de competencia - 8. Una digresi&#xF3;n sobre la renta - 9. La curva de oferta bajo la competencia perfecta - IV. Comparaci&#xF3;n de la producci&#xF3;n en condiciones de monopolio y de competencia - 10. Una digresi&#xF3;n sobre las cuatro curvas de costos - 11. Comparaci&#xF3;n de la producci&#xF3;n en condiciones de monopolio y de la competencia - 12. Comentario a la comparaci&#xF3;n - 13. Control del precio de monopolio - 14. Objeciones a la comparaci&#xF3;n - V. Discriminaci&#xF3;n de precios - 15. Discriminaci&#xF3;n de precios - 16. La moral de la discriminaci&#xF3;n de precios - VI. Monopsonio - 17. Una digresi&#xF3;n sobre el comprador - 18. Monopsonio - 19. Relaci&#xF3;n del monopsonio y el monopolio con la competencia perfecta - VII. Demanda de un factor de la producci&#xF3;n - 20. Una digresi&#xF3;n sobre la productividad marginal neta - 21. Demanda de trabajo por cada empresario - 22. La curva de demanda de trabajo para una rama de la industria - VIII. Comparaci&#xF3;n de la demanda de trabajo en condiciones de monopolio y de competencia - 23. Comparaciones de la demanda de trabajo en condiciones de monopolio y de competencia - 24. Correcci&#xF3;n de las comparaciones - IX. Explotaci&#xF3;n - 25. Explotaci&#xF3;n monopol&#xED;stica del trabajo - 26. Explotaci&#xF3;n monopson&#xED;stica del trabajo - X. Un mundo de monopolios - 27. Un mundo de monopolios</subfield>
  </datafield>
  <datafield tag="041" ind1=" " ind2=" ">
    <subfield code="a">spa</subfield>
  </datafield>
  <datafield tag="942" ind1=" " ind2=" ">
    <subfield code="c">BK</subfield>
  </datafield>
  <datafield tag="590" ind1=" " ind2=" ">
    <subfield code="a">niveau_biblio:m niveau_hierar:0</subfield>
  </datafield>
  <datafield tag="100" ind1="1" ind2=" ">
    <subfield code="a">Robinson, Joan</subfield>
  </datafield>
  <datafield tag="999" ind1=" " ind2=" ">
    <subfield code="c">5362</subfield>
    <subfield code="d">5362</subfield>
  </datafield>
  <datafield tag="952" ind1=" " ind2=" ">
    <subfield code="0">0</subfield>
    <subfield code="1">0</subfield>
    <subfield code="4">0</subfield>
    <subfield code="7">0</subfield>
    <subfield code="a">BCEJYS</subfield>
    <subfield code="b">BCEJYS</subfield>
    <subfield code="c">16</subfield>
    <subfield code="d">2026-04-07</subfield>
    <subfield code="l">0</subfield>
    <subfield code="o">339.137 R655</subfield>
    <subfield code="p">L13215</subfield>
    <subfield code="r">2026-04-07 15:58:12</subfield>
    <subfield code="w">2026-04-07</subfield>
    <subfield code="y">L</subfield>
  </datafield>
  <datafield tag="952" ind1=" " ind2=" ">
    <subfield code="0">0</subfield>
    <subfield code="1">0</subfield>
    <subfield code="4">0</subfield>
    <subfield code="7">0</subfield>
    <subfield code="a">BCEJYS</subfield>
    <subfield code="b">BCEJYS</subfield>
    <subfield code="c">16</subfield>
    <subfield code="d">2026-04-07</subfield>
    <subfield code="l">0</subfield>
    <subfield code="o">339.137 R655</subfield>
    <subfield code="p">L13216</subfield>
    <subfield code="r">2026-04-07 15:58:12</subfield>
    <subfield code="w">2026-04-07</subfield>
    <subfield code="y">L</subfield>
  </datafield>
</record>
